|
|
|
|
| LEADER |
01288nam a22003372a 4500 |
| 001 |
000113745 |
| 003 |
CZ BrMZK |
| 005 |
20100730131441.0 |
| 007 |
ta |
| 008 |
010907s1984 xr f cze d |
| 015 |
|
|
|a cnb000024382
|
| 035 |
|
|
|a (OCoLC)39577303
|
| 040 |
|
|
|a BOA001
|b cze
|
| 041 |
0 |
|
|a cze
|b rus
|b eng
|
| 080 |
9 |
|
|a 37(495)
|
| 100 |
1 |
|
|a Hušek, Miloslav,
|c odb.v pedagogice
|4 aut
|
| 245 |
1 |
0 |
|a Školství v Řecku :
|b pro uživatele v odvětví škol /
|c zpracoval Miloslav Hušek
|
| 260 |
|
|
|a Praha :
|b Ústav školských informací při ministerstvu školství ČSR,
|c 1984
|
| 300 |
|
|
|a 68 s.
|
| 490 |
1 |
|
|a Školství v zahraničí ;
|v sv. 7
|
| 490 |
1 |
|
|a Informace
|
| 546 |
|
|
|a Anglické a ruské resumé
|
| 504 |
|
|
|a Obsahuje bibliografii
|
| 830 |
|
0 |
|a Školství v zahraničí
|0 s
|
| 830 |
|
0 |
|a Informace (Ústav školských informací)
|0 s
|
| 910 |
|
|
|a BOA001
|b PK-0099.134
|b 2-0885.526
|
| 964 |
|
|
|a Školství - Řecko - přehledy
|
| 990 |
|
|
|a BK
|
| 996 |
6 |
|
|b 2619327058
|c 2-0885.526
|l MZK
|r Sklad / do 1 hodiny
|n 0
|w 000113745
|u 000030
|a 1
|e BOA001
|j MZK50
|s P
|
| 996 |
7 |
|
|b 3119912851
|c PK-0099.134
|l MZK
|r Sklad / do 1 hodiny
|n 1
|w 000113745
|u 000020
|a 1
|e BOA001
|j MZK50
|s A
|
| 996 |
7 |
|
|b 3119957836
|c PK-0099.134
|l MZK
|r Sklad / do 1 hodiny
|n 4
|w 000113745
|u 000010
|a 1
|e BOA001
|j MZK50
|s A
|